Quizzes
Events
Quiz Creation
Community
Videos
Private Events
Remove Ads
Sign In
Join for FREE
Feedback
Dark Mode
Quiz Categories
Sports
Geography
Music
Movies
Television
Just For Fun
Miscellaneous
History
Literature
Language
Science
Gaming
Entertainment
Religion
Holiday
For Kids
Quiz Lab
Recent
Popular Today
Quiz Kudos Today
Editor Picks
Curator Picks
Quizzes by...
Day
Popularity
Type
Ratings
Length
Year
Community
Subscriptions
Recent Discussions
Orange Saloon
Badges
Playlists
Quests
Create
Leaderboards
Showdown
Live 5
Trivia Bingo
Activity
Puzzle Library
Sporcle Events
Private Events
Virtual Trivia
Globe League
Become a Host
Pub Owners
SporcleCon
Opinionation
Our Games
Videos
Blog
Mobile Apps
Partnerships
Remove Ads and Go Orange
Feedback
Entertainment
Celebrity
Famous
Musical
Broadway
Show
Quote
Comic Books
Anime
Superhero
DC Comics
Marvel
Cartoons
Animation
Entertainment
Celebrity
Famous
Musical
Broadway
Show
Quote
Comic Books
Anime
Superhero
DC Comics
Marvel
Cartoons
Animation
Random Quiz
Search Sporcle
×
Quiz Lab
Quiz Lab
Entertainment
Anime
Type in answers that appear in a list
Type in answers that appear in a list
Classic
Best Score? Go Orange.
All Fairy Tail Characters Stats
Can you name all the Fairy Tail Characters?
By
guomayo
20m
222 Questions
931 Plays
931 Plays
931 Plays
Comments
Comments
Give Quiz Kudos
Give Quiz Kudos
-
- Ratings
hide this ad
Replay
Link that replays current quiz
Next Quiz
Link to next quiz in quiz playlist
You Got
0%
They Got
Avg Score
48%
Avg Friend Score
Upgrade to see
Score Distribution
Jump to the score distribution portion of the page
Score
0/222
Timer
20:00
0
Plays Today
Guild/Affliation
Answer
% Correct
Fairy Tail
Natsu Dragneel
97.6%
Fairy Tail
Lucy Heartfilia
96.8%
Fairy Tail
Gray Fullbuster
95.9%
Fairy Tail
Erza Scarlet
95.9%
Fairy Tail
Happy
94.6%
Fairy Tail
Mirajane Strauss
94.2%
Fairy Tail
Elfman Strauss
93.5%
Fairy Tail
Lisanna Strauss
92.5%
Fairy Tail
Laxus Dreyar
92.5%
Fairy Tail
Gajeel Redfox
92%
Fairy Tail
Wendy Marvel
91.8%
Fairy Tail
Levy McGarden
90.5%
Fairy Tail
Juvia Lockser
90.1%
Fairy Tail
Carla
89.4%
Fairy Tail
Cana Albarona
89.2%
Fairy Tail
Makarov Dreyar
88.4%
Fairy Tail
Jet
87.1%
Fairy Tail
Freed Justine
87.1%
Fairy Tail
Evergreen
86.8%
Fairy Tail
Romeo Conbolt
86.2%
Blue Pegasus
Eve Tearm
85.9%
Fairy Tail
Droy
85.5%
Fairy Tail
Bisca Connell
84.2%
Fairy Tail
Pantherlily
83.9%
Sabertooth
Sting Eucliffe
83.7%
Fairy Tail
Bickslow
82.2%
Fairy Tail
Alsack Connell
81.6%
Fairy Tail
Macao Conbolt
81.3%
Lamia Scale
Lyon Vastia
80.9%
Fairy Tail
Gildarts Clive
80.5%
Fairy Tail
Mavis Vermillion
80.3%
Sabertooth
Rogue Cheney
80.3%
Crime Sorcière
Jellal Fernades
79.4%
Fairy Tail
Max Alors
79.1%
Celestial Spirit
Loke
78.9%
Blue Pegasus
Ichiya Vandalay Kotobuki
77%
Fairy Tail
Wakaba Mine
76.5%
Blue Pegasus
Hibiki Lates
75.8%
Crime Sorcière
Ultear Milkovich
75.7%
Fairy Tail
Warren Rocko
75.1%
Crime Sorcière
Angel
74.5%
Crime Sorcière
Cobra
73.5%
Fairy Tail
Mystogan
73.3%
Lamia Scale
Sherry Blendy
73.2%
Sabertooth
Lector
73.1%
Celestial Spirit
Aquarius
73.1%
Sabertooth
Yukino Agria
72.8%
Blue Pegasus
Ren Akatsuki
72.6%
Grimoire Heart/
Fairy Tail (Former)
Precht Gaebolg
71.8%
Sabertooth
Minerva Orland
71.5%
Fairy Tail/
Magic Council
Mest Gryder
71.2%
Fairy Tail
Laki Olietta
70.9%
Fairy Tail
Reedus Jonah
70.2%
Dragon
Igneel
70.2%
Mermaid Heel
Kagura Mikizuchi
70.1%
Celestial Spirit
Aries
69.7%
Lamia Scale
Jura Neekis
69.4%
Celestial Spirit
Gemini
69.1%
Celestial Spirit
Cancer
68.9%
Blue Pegasus
Jenny Realight
68.5%
Lamia Scale
Chelia Blendy
68.5%
Crime Sorcière
Midnight
68.5%
Celestial Spirit
Scorpio
68.4%
Celestial Spirit
Virgo
67.5%
Celestial Spirit
Libra
66.9%
Sabertooth
Rufus Lore
66.8%
Crime Sorcière
Meldy
66.8%
Mermaid Heel
Milliana
64.8%
Crime Sorcière
Racer
64.7%
Blue Pegasus (former)
Karen Lilica
64.7%
Alverez
Zeref
64.5%
Blue Pegasus
Nichiya
64.3%
Lamia Scale
Toby Horhorta
63.8%
Blue Pegasus
Bob
62.7%
Guild/Affliation
Answer
% Correct
Celestial Spirit
Sagittarius
62.3%
Fairy Tail (Former)
Yuriy Dreyar
61.7%
Sabertooth
Orga Nanagear
61.7%
Celestial Spirit
Pisces
61.7%
Tartaros
Silver Fullbuster
61.1%
Celestial Spirit
Taurus
60.9%
Quatro Cerberus
Bacchus Groh
60.4%
Oración Seis
Brain
60%
Celestial Spirit
Capricorn
60%
Raven Tail
Flare Corona
59.2%
Fairy Tail
Nab Lasaro
58.9%
Fairy Tail
Vijeeter Ecor
58.2%
Fairy Tail (Former)
Warrod Sequen
57.4%
Crime Sorcière
Richard Buchanan
57.4%
Phantom Lord
Jose Porla
57.3%
Dragon
Metalicana
56.9%
Raven Tail
Ivan Dreyar
56.5%
Fairy Tail
Porlyusica
56.3%
Phantom Lord
Aria
56.3%
Lamia Scale
Yuka Suzuki
56.2%
Fairy Tail
Asuka Connell
55.3%
Fairy Tail
Kinana
52.6%
Lamia Scale
Ooba Babasaama
52.4%
Phantom Lord
Sol
52.2%
Grimoire Heart
Zancrow
51.9%
None
Layla Heartfilia
51.9%
Oración Seis (Reborn)/
Eisenwald
Erigor
51.6%
Mermaid Heel
Beth Vanderwood
51.5%
Sabertooth (Former)
Jiemma
50.9%
Grimoire Heart
Azuma
48.6%
Love'n'Lucky
Jude Heartfilia
48.5%
Legion Corps
Coco
47.1%
Dragon
Grandina
47.1%
Tartaros
Jackal
46.7%
None
Acnologia
45.5%
Crime Sorcière
Rustyrose
45.4%
Tartaros
Kyouka
44.9%
Phantom Lord
Totomaru
44.8%
Princess of Fiore
Hisui
44.3%
Celestial Spirit
Horologium
44.2%
Quatro Cerberus
Goldmine
43.4%
Legion Corps
Sugarboy
43.2%
Quatro Cerberus
Warcry
43.1%
Tartaros
Mard Geer Tartaros
43%
Dragon
Atlas Flame
42.2%
Celestial Spirit
Crux
41.1%
Legion Corps
Mary Hughes
40.5%
Dragon
Skiadrum
40.3%
Mermaid Heel
Arana Web
40.1%
Avatar
Mary
39.7%
Dragon
Weisslogia
39.6%
Alverez: Spriggan Twelve
Eileen Belserion
39.4%
Tartaros
Tempester
39.1%
Legion Corps
Samuel
38.7%
Mermaid Heel
Risley Law
38.6%
Celestial Spirit
Celestial Spirit King
38.3%
Celestial Spirit
Lyra
38.2%
Grimoire Heart
Kain
37.6%
None
Simon Mikizuchi
37.5%
Raven Tail
Obra
37.2%
Alverez: Spriggan Twelve
Brandish μ
36.9%
Sabertooth
Frosche
36.7%
Tartaros
Seilah
36.3%
Quatro Cerberus
Rocker
36.1%
Tartaros
Keyes
35.6%
Magic Council
Lahar
35.5%
None
Zera
34.3%
None
Wally Buchanan
33.7%
Garou Knights
Cosmos
33.5%
Alverez: Spriggan Twelve
God Serena
33.4%
Fairy Tail (Former)
Rob
33.2%
Alverez: Spriggan Twelve
August
32.3%
Dragon
Zirconis
32.3%
Legion Corps
Biro Cracy
32.2%
Guild/Affliation
Answer
% Correct
Legion Corps
Dan Straight
31.9%
None
Shou
31.9%
Oración Seis
Klodoa/Jackpot
31.7%
Sorceror Weekly
Jason
31.3%
Magic Council
Shitou Yajima
30.8%
None
Anna Heartfilia
30.6%
Sabertooth
Dobengal
30.4%
Fiore Knights
General Arcadios
30.4%
Oración Seis (Reborn)
Imitatia
30.3%
Alverez: Spriggan Twelve
Larcade
28.7%
Grimoire Heart
Zoldio
28.7%
Tartaros
Ezel
28.4%
Celestial Spirit
Pyxis
27.5%
Orochi's Fin
Bluenote Stinger
26.9%
Quatro Cerberus
Semmes
26.5%
Eisenwald
Kageyama
26%
Tartaros
Lamy
25.8%
Garou Knights
Kamika
24.8%
King of Fiore
Toma Fiore
24.8%
Tartaros
Franmalth
24.7%
King of Edolas (Former)
Faust
24.6%
Alverez: Spriggan Twelve
Dimaria Yesta
24.1%
Alverez: Spriggan Twelve
Imber
24%
Grimoire Heart
Kawazu
23.7%
Raven Tail
Kurohebi
23.3%
Death's Head Caucus
Ikaruga
23.2%
Tartaros
Torafuzar
22.5%
Alverez: Spriggan Twelve
Jacob Lessio
22.2%
Celestial Spirit
Caelum
22%
Grimoire Heart
Yomazu
21.6%
Quatro Cerberus
Nobarly
21.4%
Death's Head Caucus
Fukuro
20.5%
Giant Rat
Angelica
20.5%
Celestial Spirit
Ophiuchus
20.1%
Alverez: Spriggan Twelve
Neinheart
20%
Alverez: Spriggan Twelve
Bloodman
19.9%
Titan Nose
Bora
19.9%
Celestial Spirit
Nikora
19.8%
Legion Corps
Guttman
19.7%
Garou Knights
Kama
19.6%
Magic Council/
Tartaros
Crawford Seam
19.2%
Celestial Spirit
Deneb
18.8%
Alverez: Spriggan Twelve
Azir
18.5%
Garou Knights
Uosuke
18.3%
Alverez: Eileen Squad
Juliet Sun
18.1%
Death's Head Caucus
Vidaldus
17.8%
Garou Knights
Neppa
16.9%
Magic Council
Draculos Hyberion
16.6%
Avatar
Briar
16.6%
Oración Seis (Reborn)/
Zentopia
Cardinal Lapointe
16.1%
Celestial Spirit
Polaris
16%
Sylph Labyrinth
Drake
15.1%
Alverez: Spriggan Twelve
Wahl Icht
14.5%
Avatar
Jerome
14.3%
Alverez: Eileen Squad
Heine Lunasea
14.1%
Raven Tail
Nulpuding
14%
Alverez: Brandish Squad
Marin Hollow
13.1%
Magic Council
Belno
12.9%
Succubus Eye
Doriate
12.8%
Sylph Labyrinth
Rala
12.6%
Avatar
D-6
12.4%
Magic Council
Wolfheim
12.3%
Quatro Cerberus
Jägar
11.9%
Avatar
Abel
11.8%
Sylph Labyrinth
Hiroshi
10.5%
Caitshelter
Roubaul
9.8%
Avatar
Arlock
9.4%
Blue Skull
Geoffrey
9.2%
Alverez: Azir Squad
Kareem
8.9%
Red Lizard
Zeeself
8.7%
Avatar
Goumon
8.6%
None
Everlue
8.4%
None
Daphne
8.3%
Alverez: Azir Squad
Baqel
4%
Quiz Playlist
Details
Report
Send in Message
Add To Playlist
Classic:
Type in answers that appear in a list
Last Updated: Feb 16, 2017
Quiz Scoreboard
CHALLENGE
Sign Up to Join the Scoreboard
Show All
Scores
Hide
Comments
May contain spoilers
Recently Published
Movies - When Are They Set?
by FPL_Elf
Movies
5m
Popular People in 1961
by mucciniale
History
6m
1-10 Letter E Words III
by El_Dandy
Language
2m
More to Explore
Quiz From the Vault
Featured Blog Post
Where Did the Easter Bunny Come From?
hide this ad
You Might Also Like...
Tags
Anime Quiz
Fairy Tale
Today's Top Quizzes in Entertainment
Browse Entertainment
hide this ad
Today's Top Quizzes in Anime
Browse Anime
Top Contributed Quizzes in Entertainment
1
Kamen Rider Motifs
2
Dragon Ball Z: Goku's Fights in Order
3
Dragon Ball Z: Mega Character Search
4
One Piece Arcs By Order III
5
Marvel Characters Bunker
6
Criteria Quickie: Cartoon Taxonomy II
7
Undead Unluck Minefield
8
Survivor Winners Logic Quiz
9
JoJo's Bizarre Logic Quiz
10
Ana Gasteyer or Kathryn Hahn?
Explore More
Trending Topics
NBA
Harry Potter
Kpop
Marvel
Crossword
Anime
Disney
Pokémon
The Office
Soccer
Song
WWE
Country
NFL
Puzzle
hide this ad
More By:
guomayo
Quiz
Plays
Rating
Category
Featured
Created
All Fairy Tail Characters
931
4.67
Entertainment
Apr 15, 2016
Go to Creator's Profile
Score Distribution
Quiz Creator Spotlight
guomayo
Follow
Send a Message
Quizzes Created
-
Created Quiz Play Count
-
More By This Creator
Popular Quizzes Today
1
Find the Countries of Europe - No Outlines Minefield
2
Find the US States - No Outlines Minefield
3
The Countries of the World
4
Popular People in 1961
5
1-10 Letter E Words III
6
US States
7
Find the US States
8
One Thing in Common: World Cities II
More Entertainment Quizzes
Avengers Roster
Quiz Lab
Trending Quizzes
Risky Map Clicking: Least Populous States A-Z
Humor Books: The Subtitles
1-10 Letter F Words
1-10 Letter G Words
One Thing in Common: United Kingdom
Recently Updated
Leaping Animals
pecheneg
Reality TV Shows (A-Z)
bhenderson79
Rickey Henderson's Hall of Fame Teammates
pecheneg
Champions League XIs: Arsenal
pecheneg
Quick Pick: Celebrities in WWE's Hall of Fame
aduchscher
A-Z Keypad Blitz II
pecheneg
Multiple Oscar Actors
pecheneg
Mystery Phrase Blitz: Oscar 'Best Actors'
pecheneg
F. Scott Fitzgerald Novels
LTH
Pick 3 Villains
ddd62291
Trending Topics
NBA
Anime
Marvel
Harry Potter
Kpop
Crossword
Disney
Puzzle
The Office
Pokémon
Soccer
WWE
NFL
Country
Song
Your Account Isn't Verified!
In order to create a playlist on Sporcle, you need to verify the email address you used during registration. Go to your
Sporcle Settings
to finish the process.
Report this User
Report this user for behavior that violates our
Community Guidelines
.
Details:
Send Report
Go to the Sporcle.com Mobile Site →
Comments